000 00773nam a2200229 a 4500
999 _c3818
_d3818
001 3818
003 BD-JhCC
005 20171118194551.0
008 171118s2000 bg a|||| ||a| 001 0 ben d
020 _a984074089X
035 _a(BD-JhCC)3818
040 _aBD-JhCC
_dBD-JhCC
041 _aben
082 _a575
_bDAR 2000
100 _aডারউইন, চার্লস রবার্ট
245 _aপ্রজাতির উৎপত্তি /
_cচার্লস রবার্ট ডারউইন; ম আখতারুজ্জামান (ভাষান্তর)
260 _aঢাকা :
_bবাংলা একাডেমী,
_c2000.
300 _a392 p. :
_c21 cm.
650 _aOrigin of species
942 _2ddc
_cBK